000 00705cam a22002172 4500
001 0000013549
005 20151217155857.0
008 090916s xx 000 0 eng d
040 _aKABU
_cKABU
110 2 _aKenya, Republic of.
_@0000150051
245 1 0 _aSessional paper no. 4 of 1981 on economic prospects and policies /
_cKenya.
250 _a1st ed.
260 _aNairobi :
_bGovt. Printer,
_c1981.
300 _a52 p.
490 0 _aSessional paper ;
_vno. 4 of 1981
651 0 _aKenya
_xEconomic conditions.
_@0000148722
651 0 _aKenya
_xEconomic conditions.
_@0000148722
852 1 _9p55 KES
908 _a090916
950 _@1
999 _c13636
_d13636